000 00541nam a2200205Ia 4500
003 GCL
008 140319s9999 xx 000 0 eng d
040 _aGCL /
_cGCL
082 0 4 _aCC
_b932
_bS P
100 1 _aSAAD, ZAKI
245 1 0 _aPHARONIC EGYPT QUICK VISIT: GUIDE /
_cSAAD, ZAKI
260 _a[S.N] :
_bANGLO EGYPTIAN BOOK SHOP ،
_c1964
300 _a208 P
650 0 4 _aSPHINX
650 0 4 _aANCIENT EGYPT - HISTORY
650 0 4 _aPYRAMIDS
650 0 4 _aEGYPT - CIVILIZATION
650 0 4 _aEGYPT - ANTIQUITIES
942 _2ddc
_cBK
999 _c19628
_d19628